000 00323 a2200145 4500
001 160404
020 _a
040 _cMagnum
100 _aAlonso, Jose Bruna
240 1 0 _aSanto agostinho: uma escola de vida
_lpor
245 1 0 _aSanto agostinho: uma escola de vida
362 0 _a1899
697 _aGERAL
942 _cBK
999 _c160404
_d160404